<?xml version="1.0" encoding="UTF-8"?><marc:collection xmlns:marc="http://www.loc.gov/MARC21/slim">
  <marc:record>
    <marc:leader>00000nam  2200000za 4500</marc:leader>
    <marc:controlfield tag="001">9.817004</marc:controlfield>
    <marc:controlfield tag="003">CaOODSP</marc:controlfield>
    <marc:controlfield tag="005">20221107142357</marc:controlfield>
    <marc:controlfield tag="007">cr |||||||||||</marc:controlfield>
    <marc:controlfield tag="008">160506s2016    onc     o    f000 0 fre d</marc:controlfield>
    <marc:datafield tag="040" ind1=" " ind2=" ">
      <marc:subfield code="a">CaOODSP</marc:subfield>
      <marc:subfield code="b">fre</marc:subfield>
    </marc:datafield>
    <marc:datafield tag="043" ind1=" " ind2=" ">
      <marc:subfield code="a">n-cn---</marc:subfield>
    </marc:datafield>
    <marc:datafield tag="086" ind1="1" ind2=" ">
      <marc:subfield code="a">H113-25/2016-15F-PDF</marc:subfield>
    </marc:datafield>
    <marc:datafield tag="245" ind1="0" ind2="0">
      <marc:subfield code="a">Fluopyrame </marc:subfield>
      <marc:subfield code="h">[ressource électronique].</marc:subfield>
    </marc:datafield>
    <marc:datafield tag="260" ind1=" " ind2=" ">
      <marc:subfield code="a">Ottawa : </marc:subfield>
      <marc:subfield code="b">Santé Canada, </marc:subfield>
      <marc:subfield code="c">2016.</marc:subfield>
    </marc:datafield>
    <marc:datafield tag="300" ind1=" " ind2=" ">
      <marc:subfield code="a">1 p. </marc:subfield>
    </marc:datafield>
    <marc:datafield tag="490" ind1="1" ind2=" ">
      <marc:subfield code="a">Décision d'homologation, </marc:subfield>
      <marc:subfield code="x">1925-0924 ; </marc:subfield>
      <marc:subfield code="v">RD2016-15</marc:subfield>
    </marc:datafield>
    <marc:datafield tag="500" ind1=" " ind2=" ">
      <marc:subfield code="a">Publié aussi en anglais sous le titre : Fluopyram.</marc:subfield>
    </marc:datafield>
    <marc:datafield tag="500" ind1=" " ind2=" ">
      <marc:subfield code="a">« Le 03 mai 2016. »</marc:subfield>
    </marc:datafield>
    <marc:datafield tag="504" ind1=" " ind2=" ">
      <marc:subfield code="a">Comprend des références.</marc:subfield>
    </marc:datafield>
    <marc:datafield tag="520" ind1=" " ind2=" ">
      <marc:subfield code="a">En vertu de la Loi sur les produits antiparasitaires et conformément à ses règlements d’application, l’Agence de réglementation de la lutte antiparasitaire (ARLA) de Santé Canada accorde l’homologation complète, aux fins de vente et d’utilisation, du fongicide technique Fluopyrame, et de trois de ses préparations commerciales, à savoir le fongicide Luna Privilege contenant la matière active de qualité technique fluopyrame, le fongicide Luna Tranquility contenant les matières actives de qualité technique fluopyrame et pyriméthanil, ainsi que le fongicide Propulse contenant les matières actives de qualité technique fluopyrame et prothioconazole. Les trois préparations commerciales sont utilisées afin de supprimer plusieurs maladies d’origine fongique dans diverses cultures horticoles et grandes cultures. La présente décision correspond à celle qui est proposée dans le Projet de décision d’homologation PRD2016-05, Fluopyrame, qui contient une évaluation détaillée des renseignements soumis à l’appui de l’homologation. D’après l’évaluation, l’ARLA juge que dans les conditions d’utilisation approuvées, le produit technique a de la valeur et ne présente aucun risque inacceptable pour la santé humaine ou l’environnement. Aucun commentaire n’a été présenté à l’ARLA concernant le PRD2016-05.</marc:subfield>
    </marc:datafield>
    <marc:datafield tag="530" ind1=" " ind2=" ">
      <marc:subfield code="a">Également publié en version imprimée.</marc:subfield>
    </marc:datafield>
    <marc:datafield tag="692" ind1="0" ind2="7">
      <marc:subfield code="2">gccst</marc:subfield>
      <marc:subfield code="a">Fongicide</marc:subfield>
    </marc:datafield>
    <marc:datafield tag="692" ind1="0" ind2="7">
      <marc:subfield code="2">gccst</marc:subfield>
      <marc:subfield code="a">Accréditation</marc:subfield>
    </marc:datafield>
    <marc:datafield tag="710" ind1="1" ind2=" ">
      <marc:subfield code="a">Canada.</marc:subfield>
      <marc:subfield code="b">Santé Canada. </marc:subfield>
      <marc:subfield code="b">Agence de réglementation de la lutte antiparasitaire.</marc:subfield>
    </marc:datafield>
    <marc:datafield tag="775" ind1="0" ind2="8">
      <marc:subfield code="t">Fluopyram </marc:subfield>
      <marc:subfield code="w">(CaOODSP)9.817002</marc:subfield>
    </marc:datafield>
    <marc:datafield tag="830" ind1="#" ind2="0">
      <marc:subfield code="a">Décision d'homologation,</marc:subfield>
      <marc:subfield code="x">1925-0924 ; </marc:subfield>
      <marc:subfield code="v">RD2016-15</marc:subfield>
      <marc:subfield code="w">(CaOODSP)9.501583</marc:subfield>
    </marc:datafield>
    <marc:datafield tag="856" ind1="4" ind2="0">
      <marc:subfield code="q">PDF</marc:subfield>
      <marc:subfield code="s">36 Ko</marc:subfield>
      <marc:subfield code="u">https://publications.gc.ca/collections/collection_2016/sc-hc/H113-25-2016-15-fra.pdf</marc:subfield>
    </marc:datafield>
  </marc:record>
</marc:collection>
